000 01597nam0a2200349 4500
001 RU\NLR\bibl\873383
005 20260406064818.0
010 _a5-94278-861-8
_bв пер.
_95000
021 _aRU
_b2005-43511
_92149
035 _a(nilc)RSL-KNO-002683993
035 _a(NLR Aleph) 000861994
090 _a1545718
_c1545718
100 _a20050704d2005 |||y0rusy50 ca
101 1 _arus
_cund
102 _aRU
105 _ay |||||||||
106 _ar
200 1 _aСпящая
_e[рассказы]
_fБанана Ёсимото
_g[пер. Н. Власовой]
210 _aСПб.
_cАмфора
_d2005
_gГПП Печ. Двор им. А.М. Горького
215 _a236, [2] с.
_d17
225 1 _aАмфора-мини
327 1 _aСодерж.: Рассказы: Ночь и ночные путешественники; Любовные песни; Спящая
610 0 _aФилологические науки. Художественная литература -- Япония -- Японская литература -- с 1945 г. -- Произведения художественной литературы -- Художественная проза -- Романы. Повести. Рассказы
686 _aШ5(5Я)62-644
_2rubbk
686 _aШ6(5Я)67-440.5{Лх2318-80}
700 1 _4070
_8rus
_7ca
_aЕсимото
_bБ.
_f1964-
_gБанана
_3RU\NLR\auth\7714515
_9124187
801 0 _aRU
_bRuMoRKP
_c20050704
_grcr
801 1 _aRU
_bRuMoRGB
_c20050704
801 2 _aRU
_bNLR
_c20051116
_grcr
942 _cBOOK
980 _aNB